R6 ops utility names - Statistics

General Stats
  • This quiz has been taken 12 times
  • The average score is 10 of 75
Answer Stats
Hint Answer % Correct
Sledge Breaching Hammer
50%
Buck Skeleton Key
50%
Valkyrie Black Eye
40%
Mira Black Mirror
40%
Ash Breaching Round
40%
Lesion Gu Mine
40%
Azami Kiba Barrier
40%
Twitch Shock Drone
40%
Caveira Silent Step
40%
Nomad Airjab Launcher
30%
Ying Candela
30%
Deimos Deathmark Tracker
30%
Kapkan Entry Denial Device
30%
Thermite Exothermic Charge
30%
Brava Kludge Drone
30%
Montagne Le Roc Shield
30%
Maverick Breaching Torch
20%
Fuze Cluster Charge
20%
Lion EE-ONE-D
20%
Maestro Evil Eye
20%
Iana Gemini Replicator
20%
Dokkaebi Logic Bomb
20%
Thorn Razorbloom Shell
20%
Mute Signal Disruptor
20%
Doc Stim Pistol
20%
Denari T.R.I.P. Connector
20%
Goyo Volcan Canister
20%
Finka Adrenal Surge
10%
Zero Argus Launcher
10%
Ram BU-GI Auto Breacher
10%
Vigil ERC-7
10%
Jackal Eyenox Model III
10%
Blitz G52-Tactical Shield
10%
Amaru Garra Hook
10%
Warden Glance Smart Glasses
10%
Nokk HEL Presence Reduction
10%
Blackbeard H.U.L.L. Adaptable Shield
10%
Zofia KS79 Lifeline
10%
Kali LV Explosive Lance
10%
Mozzie Pest Launcher
10%
Alibi Prisma
10%
Ace S.E.L.M.A. Aqua Breacher
10%
Bandit Shock Wire
10%
Aruni Surya Gate
10%
Hibana X-Kairos
10%
Echo Yokai
10%
Jager Active Defense System
0%
Rook Armor Pack
0%
Castle Armor Panel
0%
Melusi Banshee Sonic Defense
0%
Pulse Cardiac Sensor
0%
Clash CCE Shield MK2
0%
Rauora D.O.M. Panel Launcher
0%
Thatcher Electronic Gear Scanner Disruptor
0%
Iq Electronics Scanner
0%
Glaz Flip Sight
0%
Fenrir F-NATT Dread Mines
0%
Ela Grzmot Mine
0%
Grim Kawan Hive Launcher
0%
Thunderbird Kona Station
0%
Wamai MAG-NET System
0%
Flores RCE-Ratero Charge
0%
Oryx Remah Dash
0%
Smoke Remote Gas Grenade
0%
Sens R.O.U. Projector System
0%
Kaid Rtila Electroclaw
0%
Tachanka Shumikha Launcher
0%
Solid Snake Soliton Radar MK III
0%
Solis Spec-IO Electro-Sensor
0%
Capitao Tactical Crossbow
0%
Osa Talon-8 Clear Shield
0%
Gridlock Trax Stringers
0%
Skopos V10 Pantheon Shells
0%
Frost Welcome Mat
0%
Tubarao Zoto Canister
0%
No matching quizzes found
Score Distribution
Percent of People with Each Score
Percentile by Number Answered
Your Score History
You have not taken this quiz